Dental Morphology: an illustrated guide (Record no. 1541)

MARC details
000 -LEADER
fixed length control field 00531nam a22002057a 4500
003 - CONTROL NUMBER IDENTIFIER
control field OSt
005 - DATE AND TIME OF LATEST TRANSACTION
control field 20170123145758.0
008 - FIXED-LENGTH DATA ELEMENTS--GENERAL INFORMATION
fixed length control field 150423b xxu||||| |||| 00| 0 eng d
020 ## - INTERNATIONAL STANDARD BOOK NUMBER
International Standard Book Number 0723606668
040 ## - CATALOGING SOURCE
Transcribing agency DNLM
082 ## - DEWEY DECIMAL CLASSIFICATION NUMBER
Classification number WU 101 V26d 1983
100 ## - MAIN ENTRY--PERSONAL NAME
Personal name Van Beek Geofrey C,
9 (RLIN) 4048
245 ## - TITLE STATEMENT
Title Dental Morphology: an illustrated guide
250 ## - EDITION STATEMENT
Edition statement 2nd ed
260 ## - PUBLICATION, DISTRIBUTION, ETC. (IMPRINT)
Place of publication, distribution, etc. Oxford :
Name of publisher, distributor, etc. Wright ;
Date of publication, distribution, etc. 1983
300 ## - PHYSICAL DESCRIPTION
Extent vii135 p :
Other physical details ill;
Dimensions 26 cm
504 ## - BIBLIOGRAPHY, ETC. NOTE
Bibliography, etc Includes index
650 ## - SUBJECT ADDED ENTRY--TOPICAL TERM
Topical term or geographic name as entry element Dental morphology
9 (RLIN) 4049
942 ## - ADDED ENTRY ELEMENTS (KOHA)
Source of classification or shelving scheme Other/Generic Classification Scheme
Koha item type Short Loan
Holdings
Withdrawn status Lost status Source of classification or shelving scheme Damaged status Not for loan Home library Current library Date acquired Source of acquisition Inventory number Total Checkouts Full call number Barcode Date last seen Koha item type
    Other/Generic Classification Scheme     MUST Main Library MUST Main Library 23/04/2015   00/15157   WU 101 V26d 1983 2015-1102 23/04/2015 Short Loan
    Other/Generic Classification Scheme     MUST Main Library MUST Main Library 23/04/2015   04/21287   WU 101 V26d 1983 2015-1103 23/04/2015 Short Loan
    Other/Generic Classification Scheme     MUST Main Library MUST Main Library 23/01/2017   10/32558   WU 101 V26d 1983 2017-0054 23/01/2017 Open Shelf